00659 2200217 4500001002100000005001700021008004100038035002400079082000800103090001500111100001700126245011700143260003100260300002900291500003100320650004000351850001500391980001400406985000600420999001500426YOGYA-0209000001030720090227022029.0 ind  0010-020900000010307 a320 a320bSar A aSARDIMAN A.M aAnalisis kemenangan komunis Vietnam dan pengaruhnya terhadap perkembangan politik di Asia TenggaracSardiman A.M aYogyakartabLibertyc21 cm avi, 110 hlmbilusc21 cm aBibliografi : hlm. 108-110 aAsia Tenggara - Politik Luar Negeri aYOPDYOG(B) a11-7-2005 a1 aP000026169